Lifetime Encyclopaedia of letters

Bibliographic Details
Main Author: Meyer, Harold E.
Format: Book
Published: New Jersey : Prentice Hall , 1992
Subjects:

MARC

LEADER 00000cam a2200000 7i4500
001 0000000444
005 20050420.0
020 |a 0135295467 
040 |a INS 
090 0 0 |a PE1483.   |b M43 1992 
100 1 |a Meyer, Harold E. 
245 1 0 |a Lifetime Encyclopaedia of letters   |c Harold E. Meyer 
260 |a New Jersey :   |b Prentice Hall ,   |c 1992 
300 |a 435p. 
650 0 0 |a Letter   |x writting 
999 |a 0000006562   |b BOOK   |c Open Shelf   |e Default branch